000 00871nam a22002297a 4500
005 20141202153940.0
008 140109b xxu||||| |||| 00| 0 eng d
020 _a9781412991667
050 _aHF 5549.5.D37
_b.H86 2015
245 _aHuman resource information systems :
_bbasics, applications, and future directions /
_ceditors, Michael J. Kavanagh, Mohan Thite and Richard D. Johnson.
250 _a2nd ed.
260 _aThousand Oaks, Calif. :
_bSAGE,
_c2012.
300 _axxiii, 623 p. :
_bill. ;
_c24 cm.
504 _aIncludes bibliographical references and indexes.
650 _aPersonnel management
_xInformation technology.
650 _aPersonnel management
_xData processing.
700 _aKavanagh, Michael J.
_eeditor.
700 _aThite, Mohan
_eeditor.
700 _aJohnson, Richard D.
_eeditor.
942 _2lcc
_cBK
_kFOR
999 _c25984
_d25984